01377cam a2200349 i 4500001001000000003000700010005001700017008004100034020003800075040003400113041000800147042000900155044000700164084001900171090001100190100001400201245012800215246004400343246004400387246004300431250001100474260008400485300003300569490001600602650003100618650002200649650002500671830001600696942001400712999001500726952028600741005180419YEEZEN20241029103221.0240515s2023 ch a g 000 0 chi d a9786267388013q(平裝) :cNT$480 amcutlbchicmcutldmcutleccr0 achi anbic ach a923.332ncsclt a923.331 a李清志10a在自己的城市旅行 :b都市偵探李清志台灣建築迷走 = Becoming a traveller in your own city /c李清志著1 a都市偵探李清志臺灣建築迷走30a都市偵探李清志台灣建築迷走31aBecoming a traveller in your own city. a初版 a臺北市 :b大塊文化出版 ;a新北市 :b大和書報總經銷,c2023.12 a311面 :b彩圖 ;c21公分1 atone ;v46. 7a建築美術設計2lcstt. 7a建築史2lcstt. 7a臺灣遊記2lcstt. 0atone ;v46. 2cclcBOOK c7614d7614 00102ccl4070ayeezenbyeezencYEEZENd2024-10-28l6m3o923.33pC03193r2025-07-30 00:00:00s2025-07-22w2024-10-29yBOOKz*眾所期待![在名建築裡吃午餐]台灣版! *人氣建築名家領路,一起走台灣,看見我們的建築之美 *四十座台灣名建築小旅行